000 00511nam a22001697a 4500
005 20251108171012.0
008 250721s1978 xx 000 0 ara d
082 1 4 _aم/551.403/مجم
245 1 0 _aمعجم مصطلحات علوم المياه /
264 1 _aبغداد :
_bمطبعة المجمع العلمي العراقي،
_c1978.
300 _a95ص
650 1 7 _aالماء
650 1 7 _aالمعاجم
710 2 _aالمجمع العلمي العراقي
942 _2ddc
_cREF
999 _c54115
_d54115